Brasil Contemporâneo - Statistics

Estatísticas Gerais
  • Esse quiz foi jogado 126 vezes
  • A pontuação média é 13 de 20
Estatísticas das Respostas
Perguntas Respostas % Correto
Maior canal de televisão brasileiro Globo
95%
Ano em que se realizou a Copa do Mundo do Brasil, no século XXI 2014
91%
Atriz brasileira indicada ao Oscar de Melhor Atriz, no ano de 1999 Fernanda Montenegro
87%
Ano em que o Brasil Venceu sua quarta Copa do Mundo 1994
86%
Primeiro presidente a sofrer impeachment Fernando Collor
86%
Ex-metalúrgico que chegou a presidência, no ano de 2003 Lula
86%
Filme policial brasileiro, no qual retrata a violência do Rio de Janeiro e apresenta Wagner Moura no elenco Tropa de Elite
82%
Jogador brasileiro mais importante da última década Neymar
80%
Chacina ocorrida, durante os anos 90, em um famoso presídio Massacre do Carandiru
71%
Nome da operação policial de investigações, realizada pela PF e iniciada em 2014 Lava Jato
69%
Famoso médium e representante do espiritismo Chico Xavier
68%
Conhecida modelo brasileira, casada com o atleta Tom Brady Gisele Bündchen
64%
Primeiro presidente empossado, após Ditadura Civil Militar José Sarney
64%
Importante escritor brasileiro, nascido na Bahia, autor de "Capitães da Areia" (1937) e falecido em 2001 Jorge Amado
61%
Importante cantora do rock brasileira, falecida no ano de 2001 Cássia Eller
44%
Um dos escritores mais importantes brasileiros, do qual escreveu a importante obra "O Alquimista" Paulo Coelho
41%
Famoso ativista ambiental que defendeu a Amazônia Chico Mendes
40%
Importante político gaúcho, de maior expressão nos anos 60,80 e 90 e que faleceu em 2004. Leonel Brizola
40%
Famoso pastor protestante neopentecostal brasileiro, líder da Assembleia de Deus Vitória em Cristo Silas Malafaia
35%
O livro brasileiro mais traduzido no mundo O Alquimista
26%
Nenhum quiz correspondente encontrado
Distribuição das Pontuações
Porcentagem de Pessoas com Cada Pontuação
Percentil de Números Respondidos
Sua Pontuação Histórica
Você não jogou esse quiz